| 000 | 00752nam a2200205 a 4500 | ||
|---|---|---|---|
| 003 | 0 | ||
| 005 | 20250421100639.0 | ||
| 008 | 090806s19uu xx 00 eng d | ||
| 050 |
_aPGS PN 1992.3.C5 _b.So696 2003 |
||
| 100 | _aSomeya, Cris E. | ||
| 245 |
_aEffects of TV watching on grade 6 students of Alpha Angelicum Academy / _cCris E. Someya. |
||
| 260 |
_aLas PiƱas City, Philippines : _bSouthville International School and Colleges, _c2003. |
||
| 300 |
_a24 pages : _billustrations ; _c28 cm. |
||
| 504 | _aIncludes bibliographic references. | ||
| 650 | _aTelevision and children. | ||
| 650 |
_aTelevision _vPsychological aspects |
||
| 650 |
_aTelevision _vSocial aspects. |
||
| 650 | _aSixth grade (Education). | ||
| 942 |
_2lcc _cPASS |
||
| 999 |
_c96924 _d96924 |
||